000 00421nam a2200181Ia 4500
005 20240823051141.0
008 240823s9999||||xx |||||||||||||| ||und||
041 _aENGLISH
082 _A330 M9
100 _aHarvey J et al.
245 0 _aMastering Economics
250 _a1st
260 _c1989
_b"Macmillan,Madras"
500 _aYES
650 _aManagement
_bManagement Studies
942 _cBK
999 _c218909
_d218909